| 000 | 00788nam a22002417a 4500 | ||
|---|---|---|---|
| 999 |
_c33527 _d33527 |
||
| 001 | 2778 | ||
| 003 | CO-MdFUSB | ||
| 005 | 20180622073123.0 | ||
| 008 | 171123t2002 sp ||||| |||| 00| 0 spa d | ||
| 020 | _a84-8267-243-6 | ||
| 040 |
_aCO-MdFUSB _bspa _cCO-MdFUSB _dCO-MdFUSBC _erda |
||
| 041 | 0 | _aspa | |
| 082 | 0 | 4 | _aG 226.5 L9731e |
| 100 | 1 |
_aLutero, Martín (1483-1546) _eautor |
|
| 245 | 1 | 0 |
_aComentarios de Martín Lutero _b: Evangelio de Juan capítulos del 1 al 4 _c/ Martín Lutero ; Rosa Roger I. Moreno, Traductor |
| 264 | 4 |
_aTerrassa, Barcelona, España : _bCLIE, _c©2002 |
|
| 300 | _a589 Pag | ||
| 336 |
_2rdacontent _atexto _btxt |
||
| 337 |
_2rdamedia _asin mediación _bn |
||
| 338 |
_2rdacarrier _avolumen _bnc |
||
| 653 | _aBiblia N.T. - Juan - Comentarios | ||
| 942 | _cBK | ||